000 01111nam a22002537a 4500
999 _c64654
_d64654
005 20240530110743.0
008 181108s2018 ua g b 000 0|ara d
017 _a2017/26149
_bمصر. دار الكتب
020 _a9789774386728
040 _aEG-CaGPL
_cEG-CaGPL
082 0 4 _221
_a303.4833 /
_bأ ت
100 0 _aاحمد عبدالفتاح ناجى
245 1 0 _aتوظيف تكنولوجيا المعلومات والاتصالات فى الخدمة الاجتماعية من اجل التنمية نحو ممارسة مهنية افضل /
_cاحمد عبدالفتاح ناجى
260 _aالاسكندرية :
_bالمكتب الجامعى الحديث ،
_c2018.
300 _a584 ص. ؛
_c24 سم.
504 _aيشتمل على ارجاعات ببليوجرافية
650 0 7 _2qrmak
_aالاتصالات الالكترونية
650 0 7 _2qrmak
_aالعولمة
650 0 7 _2qrmak
_aالتكنولوجيا
_xخدمات المعلومات
651 _2qrmak
653 0 _aالثورة المعلوماتية
942 _2ddc
_cBK